| 000 | 00652nam a2200229Ia 4500 | ||
|---|---|---|---|
| 003 | GCL | ||
| 008 | 140319s9999 xx 000 0 ara d | ||
| 040 |
_aGCL / _cGCL |
||
| 082 | 0 | 4 |
_a616.071 _bا ا |
| 100 | 1 | _aاحمد حافظ موسى | |
| 245 | 1 | 0 |
_aالارض المتوطنة بأفريقيا واسيا / _cاحمد حافظ موسى |
| 700 | 1 | _aعبدالحميد على عطا | |
| 700 | 1 | _aاحمد على الجارم | |
| 300 | _a250 ص | ||
| 490 |
_aالالف كتاب _v0 |
||
| 650 | 0 | 4 | _aالطب |
| 650 | 0 | 4 | _aالامراض |
| 650 | 0 | 4 | _aافريقيا |
| 650 | 0 | 4 | _aالوقاية |
| 650 | 0 | 4 | _aاسيا |
| 942 |
_2ddc _cBK |
||
| 999 |
_c42626 _d42626 |
||